EL DIABLO VISTE A LA MODA (Registro nro. 68514)

Detalles MARC
000 -CABECERA
campo de control de longitud fija 00697nam a22002177a 4500
003 - IDENTIFICADOR DEL NÚMERO DE CONTROL
campo de control BPGM
008 - DATOS DE LONGITUD FIJA--INFORMACIÓN GENERAL
campo de control de longitud fija 260210b mx ||||| |||| 00| 0 spa d
020 ## - NÚMERO INTERNACIONAL ESTÁNDAR DEL LIBRO
Número Internacional Estándar del Libro 968-5964-04-1
040 ## - FUENTE DE LA CATALOGACIÓN
Centro catalogador/agencia de origen ISBN
Lengua de catalogación spa
041 ## - CÓDIGO DE LENGUA
Código de lengua del texto/banda sonora o título independiente spa
Código de lengua original spa
082 04 - NÚMERO DE LA CLASIFICACIÓN DECIMAL DEWEY
Número de edición 2006 ,
Número de clasificación 813 /
Número de documento/Ítem D52
100 ## - ENTRADA PRINCIPAL--NOMBRE DE PERSONA
Nombre de persona WIESBERGER, LAUREN
245 ## - MENCIÓN DE TÍTULO
Título EL DIABLO VISTE A LA MODA
260 ## - PUBLICACIÓN, DISTRIBUCIÓN, ETC.
Lugar de publicación, distribución, etc. MÉXICO :
Nombre del editor, distribuidor, etc. RANDOM HOUSE MANDADORI ,
Fecha de publicación, distribución, etc. 2006.
300 ## - DESCRIPCIÓN FÍSICA
Extensión 396 páginas ;
Dimensiones 12.3 x 18.2 cm
336 ## - TIPO DE CONTENIDO
Fuente rdacontent
Término de tipo de contenido texto
Código de tipo de contenido txt
337 ## - TIPO DE MEDIO
Fuente rdamedia
Nombre/término del tipo de medio sin mediación
Código del tipo de medio n
338 ## - TIPO DE SOPORTE
Fuente rdacarrier
Nombre/término del tipo de soporte volumen
Código del tipo de soporte nc
505 ## - NOTA DE CONTENIDO CON FORMATO
Nota de contenido con formato UNA NOVELA DELICIOSAME JUGOSA SOBRE LA JEFA MAS DETESTABLE EN LA HISTORIA DE LAS JEFAS DETESTABLES.
942 ## - ELEMENTOS DE PUNTO DE ACCESO ADICIONAL (KOHA)
Fuente del sistema de clasificación o colocación Dewey Decimal Classification
Tipo de ítem Koha General jóvenes y Adultos
Existencias
Estado de retiro Estado de pérdida Fuente del sistema de clasificación o colocación Estado dañado Restricciones de uso No para préstamo Código de colección Localización permanente Ubicación/localización actual Ubicación en estantería Fecha de adquisición Fuente de adquisición Total de préstamos Signatura topográfica completa Fecha visto por última vez Número de copia Precio válido a partir de Tipo de ítem Koha
Material para descartar   Dewey Decimal Classification Material Dañado Material con Acceso Restringido Préstamo en Sala Colección General BFC BIBLIOTECA PÚBLICA CENTRAL ESTATAL “FRANCISCO CERVANTES” BIBLIOTECA PÚBLICA CENTRAL ESTATAL “FRANCISCO CERVANTES” ACCESO "B" PLATA BAJA 10/23/2025 DGB   813 / D52 02/10/2026 EJ. 1 04/22/2021 General jóvenes y Adultos